000 nam a22 7a 4500
999 _c40364
_d40364
003 OSt
005 20170826151105.0
008 170826b xxu||||| |||| 00| 0 eng d
040 _cSEROSOFT
100 _aHANDA KRISHNA, MONIKA
245 _aHEALTH PROMOTION FOR ANM
260 _bLOTUS
_c2015
300 _a491
942 _2ddc
_c01